Tecnología, política y algoritmos en América Latina.

Saved in:
Bibliographic Details
Other Authors: Tello, Andrés Maximiliano (Editor)
Format: Book
Language:English
Published: Viña del Mar, Chile. CENALTES Ediciones Ltda., 2020
Edition:Primera edición.
Series:Colección Cruces Colectivos
Subjects:
Tags: Add Tag
No Tags, Be the first to tag this record!

MARC

LEADER 00000nam a22000007a 4500
003 CL-VaPUC
005 20211005153524.0
008 210805b2020 ||||| |||| 00| 0 eng d
999 |c 433413  |d 433411 
020 |a 978-956-9522-22-2 
040 |c Pontificia Universidad Católica de Valparaíso 
082 0 4 |2 21  |a 303.483 TEL 2020 
100 1 |a Tello, Andrés Maximiliano  |e editor  |9 862415 
245 1 0 |a Tecnología, política y algoritmos en América Latina. 
250 |a Primera edición. 
260 |a Viña del Mar, Chile.  |b CENALTES Ediciones Ltda.,   |c 2020 
300 |a 284 páginas  
490 0 |a Colección Cruces Colectivos 
500 |a Donación Prof. Sr. Raúl Rodríguez F., Inst. Literatura Memo 6/2021 21/7/2021 
583 |c 20210805  |k Cristina Rojas 
650 1 |a Desarrollo tecnológico  |x Historia política  |x Operaciones algorítmicas  |z América Latina  |9 862536 
650 1 |a Capitalismo  |x Neoliberalismo  |z Chile  |9 862537 
942 |2 ddc  |c BK 
952 |0 0  |1 0  |2 ddc  |4 0  |6 303_483000000000000_TEL_2020  |7 0  |8 A  |9 578563  |a FDOPOS  |b FDOPOS  |d 2021-08-05  |i 5623057  |o 303.483 TEL 2020  |p 5623057  |r 2025-01-22  |t 1  |w 2021-08-05  |y BK  |k DLH